000 00429nam a2200193Ia 4500
005 20250603144855.0
008 250603s9999 xx 000 0 und d
020 _a0-13-279928-6
050 _aTA177.4.T47/
100 _aG. J Thuesem
245 0 _aEngineering Economy
250 _a8
260 _aNew Jersey
260 _bPrentice Hall Inc
260 _c1993
300 _a705 p
650 _aNew Jersey
942 _cBK
999 _c40207
_d40207